| 000 | 01362cam a22003617a 4500 | ||
|---|---|---|---|
| 001 | 15252669 | ||
| 005 | 20160824145632.0 | ||
| 008 | 080408s2008 enka b 001 0 eng | ||
| 010 | _a 2008926767 | ||
| 015 |
_aGBA820788 _2bnb |
||
| 016 | 7 |
_a014525563 _2Uk |
|
| 020 | _a9781848001886 (hbk. : alk. paper) | ||
| 035 | _a(OCoLC)ocn195735731 | ||
| 040 |
_aUKM _cUKM _dYDXCP _dBTCTA _dBAKER _dOHX _dBWKUK _dBWK _dDLC |
||
| 042 | _alccopycat | ||
| 050 | 0 | 0 |
_aTS205 _b.D59 2008 |
| 082 | 0 | 4 |
_a671.3015118 _222 _bDIX |
| 100 | 1 |
_aDixit, Prakash Mahadeo. _93929 |
|
| 245 | 1 | 0 |
_aModeling of metal forming and machining processes : _bby finite element and soft computing methods / _cPrakash M. Dixit, Uday S. Dixit. |
| 260 |
_aLondon : _bSpringer, _cc2008. |
||
| 300 |
_axvi, 590 p. : _bill. ; _c25 cm. |
||
| 440 | 0 |
_aEngineering materials and processes _93930 |
|
| 504 | _aIncludes bibliographical references and index. | ||
| 650 | 0 |
_aMetal-work _xMathematical models. _93931 |
|
| 650 | 0 |
_aMachining _xMathematical models. _93932 |
|
| 650 | 0 |
_aFinite element method. _93934 |
|
| 650 | 0 |
_aSoft computing. _93935 |
|
| 650 | 0 |
_93933 _aDeformations (Mechanics) _xMathematical models |
|
| 700 | 1 |
_aDixit, Uday S. _93936 |
|
| 942 |
_2ddc _cBB |
||
| 999 |
_c11350 _d11350 |
||